Music Quiz

Random Music or Clickable Quiz
Score 0/24 Timer 04:00
0 Plays Today
% Correct
The Rolling Stones
93.6%
The Police
87.2%
U2
85.1%
Kraftwerk
83%
Phil Collins
80.9%
Ozzy Osbourne
78.7%
Rush
72.3%
Journey
63.8%
Van Halen
55.3%
The Human League
51.1%
Black Flag
48.9%
Iron Maiden
44.7%
% Correct
New Order
44.7%
ABBA
42.6%
Brian Eno & David Byrne
40.4%
Siouxsie and the Banshees
40.4%
Electric Light Orchestra
40.4%
Echo & The Bunnymen
38.3%
The Cure
34%
King Crimson
31.9%
The Gun Club
29.8%
Wipers
27.7%
This Heat
25.5%
Glenn Branca
25.5%

You're not logged in!

Compare scores with friends on all Sporcle quizzes.
OR
Log In

Sporcle TV

Today on Sporcle TV


Watch our educational content, quiz creation guides, and fun videos on Sporcle TV.

Show Comments

Extras

Top Quizzes Today


Score Distribution

Paid Content

Your Account Isn't Verified!

In order to create a playlist on Sporcle, you need to verify the email address you used during registration. Go to your Sporcle Settings to finish the process.

Report this User

Report this user for behavior that violates our Community Guidelines.

Details: